000 00379cam a22001217a 4500
008 180718b1966 xxu||||| |||| 00| 0 eng d
082 _aA81x5434 In2/61/15
100 _aCensus of India 1961
245 _aRajasthan district census handbook, Pali
260 _aJaipur
_bThe Director of Printing and Stationery
_c1966
300 _a264+p.
440 _aCensus of India 1961. Rajasthan
999 _c484585
_d484585